La Bible illustre'e; l'histoire, les textes, les documents (Record no. 21345)
[ view plain ]
| 000 -LEADER | |
|---|---|
| fixed length control field | 00586nam a22001817a 4500 |
| 003 - CONTROL NUMBER IDENTIFIER | |
| control field | OSt |
| 005 - DATE AND TIME OF LATEST TRANSACTION | |
| control field | 20260202094745.0 |
| 008 - FIXED-LENGTH DATA ELEMENTS--GENERAL INFORMATION | |
| fixed length control field | 260202b |||||||| |||| 00| 0 eng d |
| 020 ## - INTERNATIONAL STANDARD BOOK NUMBER | |
| International Standard Book Number | 2092402706 |
| 040 ## - CATALOGING SOURCE | |
| Transcribing agency | Chuka University Library |
| 050 ## - LIBRARY OF CONGRESS CALL NUMBER | |
| Classification number | REF BS 551.2 .H37 1994 |
| 100 ## - MAIN ENTRY--PERSONAL NAME | |
| Personal name | Hastings,Selina |
| 9 (RLIN) | 22894 |
| 245 ## - TITLE STATEMENT | |
| Title | La Bible illustre'e; l'histoire, les textes, les documents |
| 260 ## - PUBLICATION, DISTRIBUTION, ETC. | |
| Place of publication, distribution, etc. | Paris |
| Name of publisher, distributor, etc. | Dorling Kindersley limited |
| Date of publication, distribution, etc. | 1994 |
| 300 ## - PHYSICAL DESCRIPTION | |
| Extent | 320p. |
| 650 ## - SUBJECT ADDED ENTRY--TOPICAL TERM | |
| Topical term or geographic name entry element | 1.Bible---stories, French 2.Bible stories ---juvenile 3.Christianity----scriptures |
| 9 (RLIN) | 22895 |
| 942 ## - ADDED ENTRY ELEMENTS (KOHA) | |
| Source of classification or shelving scheme | Library of Congress Classification |
| Koha item type | Long Loan Books |
| Suppress in OPAC | No |
| Withdrawn status | Lost status | Source of classification or shelving scheme | Damaged status | Not for loan | Collection | Home library | Current library | Shelving location | Date acquired | Source of acquisition | Cost, normal purchase price | Total Checkouts | Full call number | Barcode | Date last seen | Copy number | Price effective from | Koha item type |
|---|---|---|---|---|---|---|---|---|---|---|---|---|---|---|---|---|---|---|
| Library of Congress Classification | General Collection Books | Main Campus Library | Main Campus Library | General Stacks | 02/02/2026 | Donation from Books for Africa | 6018.00 | REF BS 551.2.H37 1994 | 29848/2026 | 02/02/2026 | 1 | 02/02/2026 | Long Loan Books |
